Responses for show #7572 - Tuesday, July 11, 2017

Contestants

Kelly Lasiter, an administrative assistant from Granite City, Illinois

Scott Simpson, a foreign service officer from Reston, Virginia

Rich Blashka, an attorney from New York, New York (whose 1-day cash winnings total $14,500)

Jeopardy! Round responses

VIDEO GAMES
BY DEGREES
ALSO IN THE SHAKESPEARE PLAY
(Alex: You identify the play for us.)
WE MEAN BUSINESS
ZOOLOGIST'S DICTIONARY
WORDS THAT SHOULD RHYME
(Alex: ...but don't. I'll give you an example: silo and kilo.)
    $200 8
Madden

Kelly
    $200 1
212

Rich
    $200 5
Henry VIII

Kelly
    $200 22
FedEx

Rich
    $200 21
eggs

Scott
    $200 15
daughter and laughter

Rich
    $400 11
Fallout

Scott
    $400 2
45

Rich
    $400 6
Hamlet

Scott
    $400 23
bubble wrap

Scott
    $400 27
gestation

Rich
    $400 16
dove and stove

Triple Stumper
    $600 12
Tom Clancy

Scott
    $600 3
Doctor of Veterinary Medicine

Rich
    $600 9
Julius Caesar

Rich
    $600 24
(Rich: What is a team member?)
(Kelly: What is a stockholder?)

associate

RichKelly
Triple Stumper
    $600 28
elephant seal

Rich
    $600 17
pint and lint

Kelly
    $800 13
Halo

Scott
    $800 4
greatest

Kelly
    $800 10
Romeo and Juliet

Scott
    $800 25
saccharin

Scott
    $800 29
lung

Kelly
    $800 18
ache and Apache

Scott
    $1000 14
Uncharted

Triple Stumper
    $1000 7
consanguinity

Scott
    $2,000 20
Richard III

Kelly
    $1000 26
Zillow

Rich
    $1000 30
sponge

Rich
    $1000 19
linger and ginger

Kelly

Scores at the first commercial break (after clue 15):

Rich Scott Kelly
$2,000 $4,000 $1,200

Scores at the end of the Jeopardy! Round:

Rich Scott Kelly
$4,600 $6,200 $5,000

Double Jeopardy! Round responses

ITALIAN COMPOSERS
THE WOMAN IN THE MOVIE
COWBOY TALK
FILE UNDER "OZ"
(Alex: Each response will contain that letter pair.)
SHAKA
WHEN THE WALLS FELL
    $400 21
Puccini

Scott
    $400 1
Meryl Streep

Scott
    $400 8
little dogie

Rich
    $400 16
Mozart

Kelly
    $400 26
the Zulu

Rich
    $400 10
Jericho

Scott
    $800 22
Giuseppe Verdi

Triple Stumper
    $800 2
Helen Mirren

Rich
    $800 7
(Alex: Their [*], their Stetsons.)

hats

Scott
    $800 17
Mozambique

Rich
    $800 27
the Boers

Rich
    $800 11
the Berlin Wall

Kelly
    $3,600 23
bel canto

Scott
    $1200 3
(Brigitte) Bardot

Scott
    $1200 4
saddle horn

Scott
    $1200 18
Fozzie Bear

Rich
    $1200 28
(Scott: What is a double envelopment?)
...
(Scott's response was later ruled acceptable.)

flanking

ScottKelly
    $1200 12
Wales

Scott
    $1600 24
Rossini

Scott
    $1600 6
(Rebecca) De Mornay

Scott
    $1600 5
spur

Rich
    $2,000 19
(Rich: What is the Plesozoic?)
(Alex: Ohh, you didn't say it correctly. [*]. [*]. )

Paleozoic

Rich
    $1600 29
shields

Scott
    $1600 13
Iran

Rich
    $2000 25
Antonio Vivaldi

Triple Stumper
    $2000 15
Gena Rowlands

Triple Stumper
    $2000 9
(Rich: What is a saddlebag?)
(Scott: What is a saddle roll?)

bedroll

RichScottKelly
    $2000 20
yokozuna

Kelly
    $2000 30
(Alex: Yep. His brother killed him.)

fratricide

Rich
    $2000 14
Masada

Scott

Scores at the end of the Double Jeopardy! Round:

Rich Scott Kelly
$10,200 $21,400 $11,400

[wagering suggestions for these scores]

Final Jeopardy! Round responses

LANDLOCKED COUNTRY NAMES
RichWhat are Andorra + Angola ?
$10,000
KellyWhat are Switzerland and Swaziland?
$11,400
ScottWhat are Tanzania and Romania?
$1,401
Switzerland and Swaziland

Final scores:

Rich Scott Kelly
$200 $19,999 $22,800
3rd place: $1,000 2nd place: $2,000 New champion: $22,800

Game dynamics:

Coryat scores:

Rich Scott Kelly
$12,200 $19,000 $10,400
19 R,
3 W
(including 1 DD)
23 R
(including 1 DD),
1 W
12 R
(including 1 DD),
1 W

Combined Coryat: $41,600

The J! Archive is created by fans, for fans. The Jeopardy! game show and all elements thereof, including but not limited to copyright and trademark thereto, are the property of Jeopardy Productions, Inc. and are protected under law. This website is not affiliated with, sponsored by, or operated by Jeopardy Productions, Inc. Join the discussion at JBoard.tv.